000 00755nam a2200301Ia 4500
001 15481
005 20240113235627.0
007 ta
008 051208s1988 a g b000 u 465 u
040 _aCotton College,Assam
041 _a465
082 _a515.8
_bLa 139 Re
100 _aLahiri , B.K. .
245 0 _aReal Analysis /
_cB.K.Lahiri & K.C.Roy.
_hTextual Documents
250 _a1st ed. /
260 _aCalcutta :
_bWorld Press ,
_c1988.
300 _axiv,394p. :
_bill ;
_c22cm .
504 _aIndex
653 _aReal Analysis
653 _aG-Mathematics
700 _aRoy, K.C. .
942 _2ddc
_cBK
999 _c15467
_d15467